|
|
|
|
| LEADER |
00000nam0a2200000 4500 |
| 001 |
127795 |
| 005 |
20231031132356.0 |
| 010 |
|
|
|a 5213000029
|
| 020 |
|
|
|a RU
|b 89-42141
|
| 035 |
|
|
|a (RuTPU)RU\TPU\book\138242
|
| 090 |
|
|
|a 127795
|
| 100 |
|
|
|a 20071220d1989 c y0rusy5003 ca
|
| 101 |
0 |
|
|a rus
|
| 102 |
|
|
|a RU
|
| 105 |
|
|
|a a z 000ay
|
| 200 |
1 |
|
|a Кто они такие?
|e [Сборник : Для младшего школьного возраста]
|f Ю. С. Аракчеев, А. Х. Тамбиев, В. Н. Танасийчук
|g худож. В. Бастрыкин
|
| 210 |
|
|
|a Москва
|c Малыш
|d 1989
|
| 215 |
|
|
|a 117,[2] с.
|c цв. ил.
|d 27 см
|
| 610 |
0 |
|
|a Животные (д. л.)
|
| 610 |
0 |
|
|a детская литература
|
| 675 |
|
|
|a 087
|z rus
|
| 700 |
|
1 |
|a Аракчеев
|b Ю. С.
|g Юрий Сергеевич
|4 070
|
| 701 |
|
1 |
|a Тамбиев
|b А. Х.
|g Александр Хапачевич
|
| 701 |
|
1 |
|a Танасийчук
|b В. Н.
|g Виталий Николаевич
|
| 702 |
|
1 |
|a Бастрыкин
|b В.
|4 440
|
| 801 |
|
0 |
|a RU
|b RuMRKP
|c 19950417
|g psbo
|
| 801 |
|
1 |
|a RU
|b 63413507
|c 20071220
|g PSBO
|
| 801 |
|
2 |
|a RU
|b 63413507
|c 20071220
|g PSBO
|
| 942 |
|
|
|c BK
|